|
|
|
|
| LEADER |
00000naa2a2200000 4500 |
| 001 |
48471 |
| 005 |
20231031031735.0 |
| 035 |
|
|
|a (RuTPU)RU\TPU\book\50770
|
| 035 |
|
|
|a RU\TPU\tpu\8961
|
| 090 |
|
|
|a 48471
|
| 100 |
|
|
|a 20030319d2001 k y0rusy50 ca
|
| 101 |
0 |
|
|a rus
|
| 102 |
|
|
|a RU
|
| 200 |
1 |
|
|a Литолого-геохимические особенности пород разреза скважины 9 Казанского нефтегазового месторождения
|f Л. В. Жорняк, Л. В. Жорняк
|g науч. рук. Н. Ф. Столбова
|
| 463 |
|
1 |
|0 (RuTPU)RU\TPU\book\41379
|y 5-93629-096-4
|t Проблемы геологии и освоения недр
|o труды Пятого Международного научного симпозиума им. ак. М. А. Усова студентов, аспирантов и молодых ученых, посвященного 100-летию горно-геологического образования в Сибири, Томск, 9-13 апреля 2001 г.
|f Российское геологическое общество;Томский политехнический университет
|v С. 109-110.
|d 2001
|p 703 с.
|
| 610 |
1 |
|
|a труды учёных ТПУ
|
| 700 |
|
1 |
|a Жорняк
|b Л. В.
|g Лина В.
|
| 701 |
|
1 |
|a Жорняк
|b Л. В.
|g Леля В.
|
| 702 |
|
1 |
|a Столбова
|b Н. Ф.
|c российский геолог
|c доцент Томского политехнического университета
|f 1940-
|g Нэля Фeдоровна
|2 stltpush
|4 727
|
| 801 |
|
1 |
|a RU
|b 63413507
|c 20020620
|g PSBO
|
| 801 |
|
2 |
|a RU
|b 63413507
|c 20121001
|g PSBO
|
| 942 |
|
|
|c BK
|